[Event "MGL-ch Men 2018"]
[Site "Archangai-Aimag"]
[Date "2018.05.28"]
[Round "11"]
[White "Galmandakh, Badrakh"]
[Black "Battulga, Namkhai"]
[Result "0-1"]
[WhiteElo "2227"]
[BlackElo "2404"]
[Annotator "NA"]
[PlyCount "82"]
[EventType "tourn"]
[EventCountry "MGL"]
[SourceTitle "playchess.com"]
[Source "ChessBase"]
[SourceQuality "1"]
[TimeControl "40/5400+30:1800+30"]

1. d4 {[%emt 0:04:46]} Nf6 {[%emt 0:00:33]} 2. Nf3 {[%emt 0:00:39]} e6 {[%emt 0:00:11]} 3. c4 {[%emt 0:05:58]} d5 {[%emt 0:00:29]} 4. Bg5 {[%emt 0:02:15]} h6 {[%emt 0:01:34]} 5. Bxf6 {[%emt 0:03:11]} Qxf6 {[%emt 0:00:08]} 6. Nc3 {[%emt 0:00:44]} c6 {[%emt 0:00:12]} 7. e3 {[%emt 0:02:02]} Nd7 {[%emt 0:00:06]} 8. Rc1 {[%emt 0:01:15]} g6 {[%emt 0:01:21]} 9. Bd3 {[%emt 0:02:58]} Bg7 {[%emt 0:02:46]} 10. cxd5 {[%emt 0:02:23]} exd5 {[%emt 0:00:15]} 11. O-O {[%emt 0:10:50]} Qe7 {[%emt 0:05:31]} 12. Rb1 {[%emt 0:07:39]} a5 {[%emt 0:01:23]} 13. a3 {[%emt 0:02:36]} O-O {[%emt 0:00:38]} 14. b4 {[%emt 0:00:51]} axb4 {[%emt 0:05:10]} 15. axb4 {[%emt 0:00:08]} b5 {[%emt 0:00:36]} 16. e4 {[%emt 0:08:49]} dxe4 {[%emt 0:00:21]} 17. Nxe4 {[%emt 0:00:40]} Nb6 {[%emt 0:11:53]} 18. Qc2 {[%emt 0:04:09]} Ra3 {[%emt 0:12:13]} 19. Rfe1 {[%emt 0:09:08]} Nd5 {[%emt 0:14:26]} 20. Nc3 {[%emt 0:01:56]} Rxc3 {[%emt 0:04:16]} 21. Qxc3 {[%emt 0:00:11]} Nxc3 {[%emt 0:00:08]} 22. Rxe7 {[%emt 0:00:03]} Nxb1 {[%emt 0:00:06]} 23. Bxb1 {[%emt 0:00:04]} Be6 {[%emt 0:00:29]} 24. Be4 {[%emt 0:02:03]} Rc8 {[%emt 0:05:17]} 25. Ra7 {[%emt 0:10:24]} Rd8 {[%emt 0:10:43]} 26. Bxc6 {[%emt 0:05:49]} Bxd4 {[%emt 0:00:12]} 27. Rb7 {[%emt 0:05:21]} Bc5 {[%emt 0:14:11]} 28. h4 {[%emt 0:05:18]} Rd1+ {[%emt 0:03:15]} 29. Kh2 {[%emt 0:00:00]} Bxf2 {[%emt 0:01:32]} 30. Rxb5 {[%emt 0:00:09]} f5 {[%emt 0:01:45]} 31. Re5 {[%emt 0:01:46]} Bc4 {[%emt 0:03:21]} 32. h5 {[%emt 0:01:37]} g5 {[%emt 0:00:28]} 33. Re8+ {[%emt 0:00:47]} Kg7 {[%emt 0:00:21]} 34. Re7+ {[%emt 0:00:16]} Kf6 {[%emt 0:00:37]} 35. Rd7 {[%emt 0:00:18]} Rc1 {[%emt 0:00:48]} 36. Rd6+ {[%emt 0:00:19]} Ke7 {[%emt 0:00:08]} 37. Rd7+ {[%emt 0:00:22]} Ke6 {[%emt 0:00:20]} 38. Nd4+ {[%emt 0:00:24]} Ke5 {[%emt 0:00:13]} 39. Nf3+ {[%emt 0:00:12]} Kf4 {[%emt 0:00:12]} 40. g3+ {[%emt 0:01:32]} Bxg3+ {[%emt 0:00:05]} 41. Kg2 {[%emt 0:00:19]} Bf1+ {[%emt 0:00:16]} 0-1

[Event "MGL-ch Men 2018"]
[Site "Archangai-Aimag"]
[Date "2018.05.28"]
[Round "11"]
[White "Bayarmandakh, Balgan"]
[Black "Erdene, Ganzorig"]
[Result "1/2-1/2"]
[WhiteElo "2211"]
[BlackElo "2299"]
[Annotator "NA"]
[PlyCount "64"]
[EventType "tourn"]
[EventCountry "MGL"]
[SourceTitle "playchess.com"]
[Source "ChessBase"]
[SourceQuality "1"]
[TimeControl "40/5400+30:1800+30"]

1. d4 {[%emt 0:00:05]} d5 {[%emt 0:00:05]} 2. c4 {[%emt 0:00:05]} e6 {[%emt 0:00:05]} 3. Nc3 {[%emt 0:00:05]} c5 {[%emt 0:00:06]} 4. e3 {[%emt 0:00:16]} Nc6 {[%emt 0:00:10]} 5. Nf3 {[%emt 0:00:06]} Nf6 {[%emt 0:00:06]} 6. Be2 {[%emt 0:00:21]} dxc4 {[%emt 0:00:37]} 7. Bxc4 {[%emt 0:00:08]} cxd4 {[%emt 0:00:10]} 8. exd4 {[%emt 0:00:06]} Be7 {[%emt 0:00:13]} 9. O-O {[%emt 0:00:06]} O-O {[%emt 0:00:06]} 10. h3 {[%emt 0:02:44]} a6 {[%emt 0:03:30]} 11. a4 {[%emt 0:00:07]} Qa5 {[%emt 0:00:32]} 12. Qe2 {[%emt 0:00:32]} Rd8 {[%emt 0:01:17]} 13. Rd1 {[%emt 0:00:34]} Qh5 {[%emt 0:01:50]} 14. Bf4 {[%emt 0:00:33]} Nd5 {[%emt 0:01:18]} 15. Bg3 {[%emt 0:02:42]} h6 {[%emt 0:01:52]} 16. Rac1 {[%emt 0:01:24]} Bd7 {[%emt 0:00:33]} 17. Bb3 {[%emt 0:03:04]} Bg5 {[%emt 0:05:34]} 18. Ra1 {[%emt 0:14:12]} Na5 {[%emt 0:01:14]} 19. Bc2 {[%emt 0:10:30]} Rac8 {[%emt 0:01:55]} 20. Nxd5 {[%emt 0:01:56]} exd5 {[%emt 0:00:12]} 21. Qd3 {[%emt 0:00:11]} g6 {[%emt 0:00:17]} 22. Bb1 {[%emt 0:05:32]} Bf5 {[%emt 0:04:46]} 23. Qf1 {[%emt 0:00:31]} Bc2 {[%emt 0:00:58]} 24. Bxc2 {[%emt 0:00:20]} Rxc2 {[%emt 0:00:06]} 25. Bc7 {[%emt 0:00:12]} Qxf3 {[%emt 0:08:13]} 26. Bxa5 {[%emt 0:10:49]} Qf5 {[%emt 0:03:09]} 27. Bxd8 {[%emt 0:00:17]} Bxd8 {[%emt 0:00:06]} 28. Ra3 {[%emt 0:01:27]} Rxb2 {[%emt 0:02:08]} 29. Rf3 {[%emt 0:01:00]} Qd7 {[%emt 0:00:19]} 30. Rb1 {[%emt 0:00:49]} Rxb1 {[%emt 0:02:07]} 31. Qxb1 {[%emt 0:00:08]} Kg7 {[%emt 0:00:29]} 32. Qb3 {[%emt 0:00:19]} Bf6 {[%emt 0:00:23]} 1/2-1/2

[Event "MGL-ch Men 2018"]
[Site "Archangai-Aimag"]
[Date "2018.05.28"]
[Round "11"]
[White "Amartuvshin, Ganzorig"]
[Black "Bayarkhuu, Khurelchuluun"]
[Result "0-1"]
[WhiteElo "2146"]
[BlackElo "2038"]
[Annotator "NA"]
[PlyCount "92"]
[EventType "tourn"]
[EventCountry "MGL"]
[SourceTitle "playchess.com"]
[Source "ChessBase"]
[SourceQuality "1"]
[TimeControl "40/5400+30:1800+30"]

1. d4 {[%emt 0:00:00]} Nf6 {[%emt 0:00:45]} 2. c4 {[%emt 0:00:05]} e6 {[%emt 0:00:02]} 3. Nc3 {[%emt 0:00:06]} Bb4 {[%emt 0:00:10]} 4. Nf3 {[%emt 0:00:06]} d6 {[%emt 0:00:07]} 5. Qc2 {[%emt 0:01:24]} Nbd7 {[%emt 0:00:13]} 6. Bd2 {[%emt 0:03:24]} c5 {[%emt 0:00:27]} 7. e3 {[%emt 0:02:03]} b6 {[%emt 0:00:48]} 8. Nb5 {[%emt 0:01:06]} Bxd2+ {[%emt 0:02:35]} 9. Nxd2 {[%emt 0:01:06]} Ke7 {[%emt 0:05:02]} 10. Ne4 {[%emt 0:04:51]} Nxe4 {[%emt 0:00:33]} 11. Qxe4 {[%emt 0:00:11]} Ba6 {[%emt 0:00:02]} 12. Qh4+ {[%emt 0:04:02]} Nf6 {[%emt 0:01:18]} 13. Be2 {[%emt 0:03:06]} Bxb5 {[%emt 0:01:53]} 14. cxb5 {[%emt 0:00:08]} cxd4 {[%emt 0:00:53]} 15. Qxd4 {[%emt 0:00:11]} Rc8 {[%emt 0:00:19]} 16. O-O {[%emt 0:00:44]} Qc7 {[%emt 0:03:19]} 17. Bf3 {[%emt 0:06:38]} d5 {[%emt 0:08:02]} 18. Qa4 {[%emt 0:01:13]} Rhd8 {[%emt 0:00:07]} 19. Qa3+ {[%emt 0:00:28]} Ke8 {[%emt 0:00:04]} 20. b3 {[%emt 0:03:31]} Qd7 {[%emt 0:03:03]} 21. Qa6 {[%emt 0:04:42]} Rc7 {[%emt 0:00:36]} 22. g3 {[%emt 0:02:25]} Ke7 {[%emt 0:00:40]} 23. Rfd1 {[%emt 0:01:00]} Rc5 {[%emt 0:01:59]} 24. b4 {[%emt 0:03:46]} Rc4 {[%emt 0:00:48]} 25. Be2 {[%emt 0:00:53]} Rc3 {[%emt 0:03:04]} 26. a4 {[%emt 0:02:21]} Rdc8 {[%emt 0:03:21]} 27. a5 {[%emt 0:00:07]} Qc7 {[%emt 0:00:05]} 28. axb6 {[%emt 0:00:24]} axb6 {[%emt 0:00:02]} 29. Bd3 {[%emt 0:00:36]} g6 {[%emt 0:07:49]} 30. Ra3 {[%emt 0:01:01]} Rxa3 {[%emt 0:01:26]} 31. Qxa3 {[%emt 0:00:05]} Qc3 {[%emt 0:00:20]} 32. Qa7+ {[%emt 0:02:03]} Nd7 {[%emt 0:00:02]} 33. e4 {[%emt 0:14:51]} d4 {[%emt 0:03:00]} 34. Bf1 {[%emt 0:18:08]} Qxb4 {[%emt 0:01:28]} 35. e5 {[%emt 0:01:39]} Qc5 {[%emt 0:00:47]} 36. Qa4 {[%emt 0:06:58]} Nxe5 {[%emt 0:00:37]} 37. Bg2 {[%emt 0:00:04]} Rd8 {[%emt 0:02:49]} 38. h3 {[%emt 0:00:16]} Kf8 {[%emt 0:01:12]} 39. Kh2 {[%emt 0:00:26]} Kg7 {[%emt 0:01:06]} 40. f4 {[%emt 0:00:37]} Qc4 {[%emt 0:01:13]} 41. Qa7 {[%emt 0:12:14]} Qe2 {[%emt 0:00:22]} 42. Ra1 {[%emt 0:00:09]} d3 {[%emt 0:12:39]} 43. fxe5 {[%emt 0:04:15]} d2 {[%emt 0:00:02]} 44. Qxb6 {[%emt 0:02:08]} d1=Q {[%emt 0:00:10]} 45. Rxd1 {[%emt 0:00:03]} Rxd1 {[%emt 0:00:14]} 46. Qc6 {[%emt 0:00:21]} Qxe5 {[%emt 0:00:53]} 0-1